01235nam a2200253 a 450000100100000000500170001000800410002702000180006804000240008624502300011026000680034030000210040849000440042949000190047350001880049250400730068070000210075370000180077470000310079270000320082371000630085583000440091883000190096200004061820201002034245.0130904s2008 sp 000 0 spa d a9788484893783 aDO-SdBNPbspaBNPHU00aHistoria de Ahila :bperfil de la Asociación de Historiadores Latinoamericanistas Europeos (1969-2008) /cLaura Giraudo ; con textos de Magnus Mörner, Adam Anderle y John Fisher, y entrevista a Francisco Morales Padrón. aMadrid :bIberoamericana ; Frankfurt am Main : Vervuert,c2008. a210 p. ;c22 cm.1 aEstudios de historia de latinoamericana1 aEstudios Ahila aEstudios Ahila de Historia Latinoamericana es la continuación de Cuadernos de Historia Latinoamericana (AHILA) En portada: Asociación de Historiadores Latinoamericanistas Europeos aIncluye referencias bibliográficas y notas al pie de las páginas1 aMörner, Magnus1 aAnderle, Adam1 aFisher, John Robertd1946-1 aMorales Padrón, Francisco2 aAsociación de Historiadores Latinoamericanistas Europeos 0aEstudios de historia de latinoamericana 0aEstudios Ahila